Countries that Touch the Caribbean Sea - Statistics

General Stats
  • This quiz has been taken 27 times
  • The average score is 26 of 28
Answer Stats
Continent Country % Correct
North America Dominican Republic
100%
North America Mexico
100%
North America Saint Kitts and Nevis
100%
North America Saint Lucia
100%
North America Trinidad and Tobago
100%
North America Antigua and Barbuda
96%
North America Barbados
96%
Central America Belize
96%
South America Colombia
96%
North America Cuba
96%
North America Dominica
96%
North America Grenada
96%
Central America Guatemala
96%
North America Haiti
96%
Central America Nicaragua
96%
Central America Panama
96%
North America Saint Vincent and the Grenadines
96%
North America United States
96%
North America Bahamas
93%
Central America Costa Rica
93%
South America Guyana
93%
Central America Honduras
93%
North America Jamaica
93%
South America Venezuela
93%
Europe France
89%
South America Suriname
89%
Europe United Kingdom
85%
Europe Netherlands
74%
No matching quizzes found
Score Distribution
Percent of People with Each Score
Percentile by Number Answered
Your Score History
You have not taken this quiz